| 000 | 01426cad a22002415a 4500 | ||
|---|---|---|---|
| 001 | L157838 | ||
| 008 | 130531e2013 xxk 000 0 eng d | ||
| 035 | _a(Sirsi) u157838 | ||
| 041 | 0 | _aeng | |
| 245 | 0 | 0 | _aPublic Safety Charitable Trust Ltd v Milton Keynes Council; Public Safety Charitable Trust Ltd v South Cambridgeshire District Council; Cheshire West and Chester Borough Council v Public Safety Charitable Trust Ltd |
| 260 | _c2013 | ||
| 520 | _a[2013] EWHC 1237 (Admin), 14 May 2013. Three cojoined appeals concerning the test for relief for charities from non-domestic rates on the grounds that the property is used wholly or mainly used for charitable purposes in accordance with the Local Government Finance Act 1988 s43(6)(a). Appeals by Milton Keynes Council and South Cambridge DC dismissed, appeal by Cheshire West and Chester Borough Council. allowed. | ||
| 590 | _aKA | ||
| 650 | 2 | 4 | _aPublic Safety Charitable Trust Ltd v Milton Keynes Council |
| 650 | 2 | 4 | _aPublic Safety Charitable Trust Ltd v South Cambridgeshire DC |
| 650 | 2 | 4 | _aCheshire West and Chester BC v Public Safety Charitable Trust Ltd |
| 650 | 2 | 4 | _aLocal Government Finance Act 1988 s43(6)(a) |
| 651 | 4 | _aEngland | |
| 690 | _aFinance and taxation | ||
| 690 |
_aCommercial property _96227 |
||
| 856 | 4 | 0 |
_uhttps://www.bailii.org/ew/cases/EWHC/Admin/2013/1237.html _zView the law report free of charge at www.bailii.org |
| 942 | _n0 | ||
| 999 |
_c84474 _d84474 |
||